• 首页
  • 本馆介绍
  • 公告通知
  • 最新文献
  • 馆藏检索
  • 电子资源
  • 读者导购
  • 参考咨询
  • 我的图书馆
  • 登录
  • 详细信息显示
  • 放入我的书架
  • 预约/预借图书
  • 作者相关作品
  • 分类相关作品
  • 丛书相关作品
  • 出版社相关作品

书目信息

  • 表格格式
  • 工作单格式
  • 卡片格式
题名:
规律与镜鉴
    
 
作者: 翟海魂 , 柳靖 著
分册:  
出版信息: 北京   北京大学出版社  2019
页数: 250页
开本: 24cm
丛书名:
单 册:
中图分类: G719.1 , G719
科图分类:
主题词: 发达国家--fa da guo jia--职业教育--教育史--研究
电子资源:
ISBN: 978-7-301-30210-1
000 01085cam0 2200289 450
001 1965780563
005 20250514150643.29
010    @a978-7-301-30210-1@dCNY 56.00
099    @aCAL 012019086135
100    @a20190703d2019 em y0chiy50 ea
101 0  @achi
102    @aCN@b110000
105    @aa a 000yy
200 1  @a规律与镜鉴@Agui lv yu jing jian@e发达国家职业教育问题史@d= Regularity and inspiration@ehistory of vocational education problems in the developed countries@f翟海魂, 柳靖著@zeng
210    @a北京@c北京大学出版社@d2019
215    @a250页@c图@d24cm
300    @a国家社科基金后期资助项目
320    @a有书目 (第 [233]-248页)
510 1  @aRegularity and inspiration@ehistory of vocational education problems in the developed countries@zeng
517 1  @a发达国家职业教育问题史@Afa da guo jia zhi ye jiao yu wen ti shi
606 0  @a发达国家@Afa da guo jia@x职业教育@x教育史@x研究
690    @aG719.1@v5
690    @aG719@v4
701  0 @a翟海魂@Azhai hai hun@4著
701  0 @a柳靖@Aliu jing@4著
801  0 @aCN@bPUL@c20190703
905    @aBZT@dG719@e1
    
    规律与镜鉴:发达国家职业教育问题史= Regularity and inspiration:history of vocational education problems in the developed countries/翟海魂, 柳靖著.-北京:北京大学出版社,2019
    250页:图;24cm
    国家社科基金后期资助项目
    
    ISBN 978-7-301-30210-1:CNY 56.00
    
●
相关链接 在五车中查询图书 在当当中查询图书 在豆瓣中查询图书


正题名:规律与镜鉴     索取号:G719/1         预约/预借

序号 登录号 条形码 馆藏地/架位号 状态 备注
1 2001769652   2001769652   第二书库/ [索取号:G719/1] 在馆    
2 2001769653   2001769653   第二书库/ [索取号:G719/1] 在馆    
3 2001769654   2001769654   第二书库/ [索取号:G719/1] 在馆    
4 865576   2000865576   第二书库/ [索取号:G719/1] 在馆    
5 865577   2000865577   第二书库/ [索取号:G719/1] 在馆    
6 865578   2000865578   第二书库/ [索取号:G719/1] 在馆    
山东省滨州职业学院图书馆 欢迎您!
大连网信软件有限公司© 版权所有